Представление документа в формате RUSMARC

ПолеНазваниеЗначение
  Тип записи a
  Библиографический уровень m
001 Контрольный номер 1740772f38384235836221fa99ca1815
005 Дата корректировки 20181019095434.6
010 Индекс ISBN __
a ISBN 978-5-7103-2716-6
d Цена 140,00
101 Язык документа 0_
a Язык текста rus
102 Страна публикации __
a Страна публикации RU
200 Заглавие и сведения об ответственности 1_
a Заглавие Организация предпринимательской деятельности
b Общее обозначение материала Текст
e Сведения, относящиеся к заглавию Учебно-метод. пособие
f Первые сведения об ответственности Е.В. Пруцкова, А.А. Пиксайкина
210 Выходные данные 1_
a Место издания Саранск
c Издательство Изд-во Мордов. ун-та
d Дата издания 2013
215 Физическое описание __
a Объем 72с.
610 Ключевые слова 0_
a Ключевые слова Предпринимательство
a Ключевые слова бизнес-планирование предпринимательской деятельности
a Ключевые слова лизинг
a Ключевые слова факторинг
a Ключевые слова франчайзинг
686 Индексы других классификаций __
a Классификационный индекс 65.012.1
700 Автор _1
a Фамилия Пруцкова Е. В.
801 Источник записи _0
a Страна RU
b Организация РУК
g Правила каталогизации PSBO
801 Источник записи _1
a Страна RU
b Организация РУК
g Правила каталогизации PSBO
852 Данные о местонахождении __
i Авторский знак П 85
j Шифр хранения 65.012.1
901 Тип документа __
t Тип документа m
937 Технологическая информация __
a Создатель записи (имя) Носкова
938 Служебная информация __
a Название организации Саранский филиал
952 Тип литературы __
c Вид литературы учебно-методическое издание